000 00477nam a2200181Ia 4500
008 090630s9999 xx 000 0 und d
082 _b22561
100 _a---
245 _aअटलबिहारी वाजपेयी.
_c---
260 _b---
300 _a0
600 _a---
630 _aअटलबिहारी वाजपेयी.
655 _a---
700 _a---
730 _aअटलबिहारी वाजपेयी.
942 _cBOOK
999 _c274417
_d274417